The National Capital Region Congestion and Mobility Summit : summary report /

Bibliographic Details
Corporate Authors: National Capital Region Congestion and Mobility Summit Washington, D.C., United States. Department of Transportation, Maryland. Department of Transportation
Format: Government Document Conference Proceeding Book
Language:English
Published: [Washington, D.C.] : [U.S. Dept. of Transportation], [1998]
Subjects:

MARC

Tag First Indicator Second Indicator Subfields
LEADER 00000cam a2200000 a 4500
001 in00000001682
005 20151007050631.0
008 981117s1998 dcua f100 0 eng d
035 |a (OCoLC)40332758 
035 |9 AJC4137AM 
040 |a GPO  |c GPO  |d DLC  |d MvI  |d UtOrBLW 
043 |a n-us-dc  |a n-us-md  |a n-us-va 
049 |a UDOC 
074 |a 0982-C-01 
086 0 |a TD 1.2:C 76/2/SUM. 
111 2 |a National Capital Region Congestion and Mobility Summit  |d (1998 :  |c Washington, D.C.) 
245 1 4 |a The National Capital Region Congestion and Mobility Summit :  |b summary report /  |c sponsored by the U.S. Department of Transportation ; co-sponsored by the Maryland Department of Transportation [and others]. 
264 1 |a [Washington, D.C.] :  |b [U.S. Dept. of Transportation],  |c [1998] 
300 |a 1 volume (various pagings) :  |b illustrations ;  |c 27 cm. 
336 |a text  |b txt  |2 rdacontent 
337 |a unmediated  |b n  |2 rdamedia 
338 |a volume  |b nc  |2 rdacarrier 
500 |a Shipping list number: 99-0021-P. 
650 0 |a Urban transportation  |z Washington Metropolitan Area  |x Congresses. 
650 0 |a Traffic congestion  |z Washington Metropolitan Area  |x Prevention  |x Congresses. 
650 0 |a Traffic engineering  |z Washington Metropolitan Area  |x Congresses. 
710 1 |a United States.  |b Department of Transportation. 
710 1 |a Maryland.  |b Department of Transportation. 
999 |a MARS 
999 f f |s d0756515-920b-3db9-9b9f-a1e9d6f5347a  |i a594773b-cd27-3a6c-935e-b40814bc6c4b  |t 0 
952 f f |p normal  |a Texas A&M University  |b College Station  |c Sterling C. Evans Library  |d Evans: US Documents (Annex 5th floor)  |t 0  |e TD 1.2:C 76/2/SUM  |h Superintendent of Documents classification  |i unmediated -- volume  |m A14824404281 
998 f f |a TD 1.2:C 76/2/SUM  |t 0  |l Evans: US Documents (Annex 5th floor)